Vplyv cirkevných a iných náboženských inštitúcií a predstaviteľov na konflikt v Bosne a Hercegovine

Náboženský aspekt vojny v Bosne a Hercegovine. Tri náboženské spoločenstvá v krajine. Vzťah štátu a náboženstva v povojnovej Juhoslávii. Pôsobenie jednotlivých cirkví a náboženských spoločenstiev počas konfliktu. Spojenie náboženských a národných záujmov. Srbská pravoslávna cirkev. Rímsko-katolícka...

Descrizione completa

Salvato in:
Dettagli Bibliografici
Autore principale: Hašková, Magdaléna, 1980-
Natura: Capitolo di libro
Lingua:slovacco
Soggetti:
Tags: Aggiungi Tag
Nessun Tag, puoi essere il primo ad aggiungerne!!

MARC

LEADER 00000naa$a2200000$$$4500
001 0053032
005 20240502071618.5
041 0 |a slo 
044 |a SK 
245 1 0 |a Vplyv cirkevných a iných náboženských inštitúcií a predstaviteľov na konflikt v Bosne a Hercegovine  |c Magdaléna Hašková 
520 |a Náboženský aspekt vojny v Bosne a Hercegovine. Tri náboženské spoločenstvá v krajine. Vzťah štátu a náboženstva v povojnovej Juhoslávii. Pôsobenie jednotlivých cirkví a náboženských spoločenstiev počas konfliktu. Spojenie náboženských a národných záujmov. Srbská pravoslávna cirkev. Rímsko-katolícka cirkev. Moslimovia. 
610 2 0 |a vojny 
610 2 0 |a konflikty náboženské 
610 2 0 |a konflikty etnické 
610 2 0 |a národ 
610 2 0 |a cirkev 
610 2 0 |a kresťanstvo 
610 2 0 |a islam 
610 2 0 |a Bosna a Hercegovina 
100 1 |a Hašková, Magdaléna, 1980-